Význam a miesto marketingového plánovania v podnikoch

Na minha lista:
Detalhes bibliográficos
Autor principal: Lesáková, Dagmar, 1949-
Formato: Capítulo de Livro
Idioma:eslovaco
Tags: Adicionar Tag
Sem tags, seja o primeiro a adicionar uma tag!

MARC

LEADER 00000naa$a2200000$$$4500
001 0185365
005 20240502083437.0
041 0 |a slo 
044 |a CZ 
245 1 0 |a Význam a miesto marketingového plánovania v podnikoch  |c Dagmar Lesáková 
100 1 |a Lesáková, Dagmar, 1949-